=LDR 00000nam 2200000 4500 =001 INLIS000000000048475 =005 20161107074449.0 =006 =007 =008 =020 ##$$a 978-602-8003-30-8 =035 ##$$0010-111600000000054 =040 ##$$a NBPDMAT =082 ##$$a 899-221 108 =090 ##$$a 899.221 108$bWas w =245 ##$$a Wasiat cinta mimbar penyair Makasar $c / Editor Muhary Wahyu Nurba, Ahyar Anwar, Asia Ramli Prapanca =260 ##$$a Makasar $b Nala Cipta Litera $c 2013 =300 ##$$a 152 hlm. ; $c 21 cm =650 ##$$a Puisi Indonesia - Kumpulan =700 ##$$a Muhary Wahyu Nurba =700 ##$$a Ahyar Anwar =700 ##$$a Asia Ramli Prapanca =850 ##$$a NBPDMAT =990 ##$$a 51600172